<?xml version="1.0" encoding="UTF-8"?>
<record
    xmlns:xsi="http://www.w3.org/2001/XMLSchema-instance"
    xsi:schemaLocation="http://www.loc.gov/MARC21/slim http://www.loc.gov/standards/marcxml/schema/MARC21slim.xsd"
    xmlns="http://www.loc.gov/MARC21/slim">

  <leader>00796nam a22001817a 4500</leader>
  <controlfield tag="005">20260313170746.0</controlfield>
  <datafield tag="010" ind1=" " ind2=" ">
    <subfield code="a">BACHN26</subfield>
  </datafield>
  <datafield tag="020" ind1=" " ind2=" ">
    <subfield code="a">9789367295540</subfield>
    <subfield code="c">696.00</subfield>
  </datafield>
  <datafield tag="037" ind1=" " ind2=" ">
    <subfield code="b">&#x907;&#x902;&#x926;&#x941; &#x92C;&#x941;&#x915; &#x938;&#x930;&#x94D;&#x935;&#x93F;&#x938;&#x947;&#x91C; </subfield>
  </datafield>
  <datafield tag="082" ind1=" " ind2=" ">
    <subfield code="2">1</subfield>
    <subfield code="a">294.543</subfield>
  </datafield>
  <datafield tag="100" ind1=" " ind2=" ">
    <subfield code="a">&#x92A;&#x942;&#x928;&#x93F;&#x92F;&#x93E; , &#x938;&#x941;&#x92E;&#x928; </subfield>
    <subfield code="9">88538</subfield>
  </datafield>
  <datafield tag="245" ind1=" " ind2=" ">
    <subfield code="a">&#x915;&#x941;&#x923;&#x94D;&#x921;&#x932;&#x93F;&#x928;&#x940;:</subfield>
    <subfield code="b">&#x91C;&#x93E;&#x917;&#x930;&#x923; &#x915;&#x940; &#x930;&#x939;&#x938;&#x94D;&#x92F;&#x92E;&#x92F; &#x936;&#x915;&#x94D;&#x924;&#x93F; /</subfield>
    <subfield code="c">&#x938;&#x941;&#x92E;&#x928; &#x92A;&#x942;&#x928;&#x93F;&#x92F;&#x93E; [&#x914;&#x930;] &#x938;&#x94B;&#x92E;&#x935;&#x940;&#x930; &#x906;&#x930;&#x94D;&#x92F; </subfield>
  </datafield>
  <datafield tag="250" ind1=" " ind2=" ">
    <subfield code="a">1</subfield>
  </datafield>
  <datafield tag="260" ind1=" " ind2=" ">
    <subfield code="b">&#x907;&#x902;&#x926;&#x941; &#x92C;&#x941;&#x915; &#x938;&#x930;&#x94D;&#x935;&#x93F;&#x938;&#x947;&#x91C; </subfield>
    <subfield code="c">2025</subfield>
    <subfield code="a">&#x928;&#x908; &#x926;&#x93F;&#x932;&#x94D;&#x932;&#x940;</subfield>
  </datafield>
  <datafield tag="300" ind1=" " ind2=" ">
    <subfield code="a">113&#x92A;&#x943;.</subfield>
    <subfield code="c">22&#x938;&#x947;&#x92E;&#x940;(&#x938;&#x93E;&#x91C;&#x93F;&#x932;&#x94D;&#x926;)</subfield>
  </datafield>
  <datafield tag="700" ind1=" " ind2=" ">
    <subfield code="a">&#x906;&#x930;&#x94D;&#x92F;, &#x938;&#x94B;&#x92E;&#x935;&#x940;&#x930; </subfield>
    <subfield code="9">88415</subfield>
  </datafield>
  <datafield tag="942" ind1=" " ind2=" ">
    <subfield code="2">ddc</subfield>
    <subfield code="m">&#x92A;&#x942;&#x928;&#x93F;&#x92F;&#x93E; </subfield>
    <subfield code="c">HN</subfield>
    <subfield code="h">294.543</subfield>
  </datafield>
  <datafield tag="999" ind1=" " ind2=" ">
    <subfield code="c">215544</subfield>
    <subfield code="d">215544</subfield>
  </datafield>
</record>
